[Event "Mislata 2015 Torneo A"]
[Site "Mislata ESP"]
[Date "2015.08.16"]
[Round "9.9"]
[White "Fernandez Ayuso, Sergio"]
[Black "Minaya, Juan"]
[Result "0-1"]
[WhiteElo "2102"]
[BlackElo "2199"]
[PlyCount "140"]
[EventDate "2015.08.10"]
[EventType "swiss"]
[EventRounds "9"]
[EventCountry "ESP"]
[Source "lmi"]
[SourceDate "2015.08.10"]

1. d4 g6 2. c4 Bg7 3. Nc3 d6 4. e4 Nd7 5. h3 e5 6. d5 Nh6 7. g4 f6 8. Be3 Nf7
9. Qd2 c5 10. Nge2 Nf8 11. Ng3 a6 12. a4 Rb8 13. Be2 b6 14. h4 Bd7 15. f3 Rg8
16. Bd3 Qc8 17. Kf2 Bh8 18. Qc2 Kd8 19. Qe2 a5 20. Rag1 Kc7 21. Qd2 Kb7 22. b3
Bg7 23. Ke1 Bh8 24. Kd1 Bg7 25. Kc1 Bh8 26. Qc2 Bg7 27. Qd2 Bh8 28. Kc2 Bg7 29.
Rg2 Bh8 30. Nd1 Kc7 31. Nf2 Kb7 32. Kb1 Ka7 33. Qc2 Rb7 34. g5 Qd8 35. Qd2 Bc8
36. Rf1 Bg7 37. Ng4 Nd7 38. Rh1 Bf8 39. Rhg1 Be7 40. gxf6 Nxf6 41. Nh6 Rf8 42.
h5 Nh8 43. hxg6 hxg6 44. Be2 Qe8 45. Rh2 Bd8 46. Nh1 Nh5 47. Nf2 Nf4 48. Nd3 g5
49. Ng4 Nhg6 50. Bd1 Bxg4 51. Rxg4 Rh8 52. Bc2 Rbh7 53. Rxh7+ Rxh7 54. Rg1 Qh8
55. Nf2 Rh2 56. Qd1 Ng2 57. Bc1 N6f4 58. Rh1 Qh4 59. Rxh2 Qxh2 60. Qh1 Qxh1 61.
Nxh1 Ne2 62. Bd1 Nd4 63. Ng3 Ne1 64. Nf5 Nexf3 65. Nxd6 g4 66. Nf5 Kb7 67. Nxd4
cxd4 68. Kc2 Nh2 69. Kd3 g3 70. Ke2 Bh4 0-1